00772 2200277 4500001002100000005001500021035002000036007000300056040001700059245010600076250001200182300003000194041000800224084001600232090002800248264003100276336002100307337003000328338002300358650001500381850001000396008004100406100002900447990000900476990000900485INLIS00000000000871420260518101454 a0010-1022000089ta aSBPUPADbind1 aMengelola Karet Alam Khusus untuk Para Petani Kecil dan Menengah :bTuntunan Praktis /cThio Goan Loo a.-cet.2 a163 hlm. :bilus. ;c21cm aind a678.6 THI m a959. 813 4 IBR t 25-14 a.--Jakarta :bKINTA,c1980 2rdacontentateks 2rdamediaatanpa perantara 2rdacarrieravolume 4aAgrikultur aPUPAD260518 0 0 aThio Goan LooePengarang a342A a431A